| 000 | 00335nam a22001337a 4500 | ||
|---|---|---|---|
| 008 | 170928b xxu||||| |||| 00| 0 eng d | ||
| 020 | _a9780534562069 | ||
| 041 | _aeng | ||
| 080 |
_26TH _a37 |
||
| 100 | _a47 | ||
| 101 | _aEDU | ||
| 245 |
_aWHEN WORDS COLLIDE A MEDIA WRITER'S GUIDE TO GRAMMAR AND STYLE _cKESSLER,L |
||
| 942 |
_2udc _cBK |
||
| 999 |
_c30335 _d30335 |
||